000 00446nam a2200181Ia 4500
003 GCL
008 140319s9999 xx 000 0 ara d
040 _aGCL /
_cGCL
082 0 4 _a792.8
_bل ف
100 1 _aليفار، سيرج
245 1 0 _aفن تصميم البالية /
_cليفار، سيرج
700 1 _aاحمد رضا
300 _a282 ص
490 _a
650 0 4 _aالرقص
650 0 4 _aالبالية
942 _2ddc
_cBK
999 _c38817
_d38817